000 00705nam a2200205Ia 4500
005 20241129111254.0
008 241129s9999||||xx |||||||||||||| ||und||
037 _aTB
040 _aCRL
_bpun
_cCRL
041 _apun
_2pun
084 _aO153,1(S:5):g Q8
_qCRL
100 _aਗੋਇਲ, ਜੰਗ ਬਹਾਦੁਰ, ਚ।
245 0 _aਮੁਹੱਬਤਨਾਮਾ
_cਗੋਇਲ, ਜੰਗ ਬਹਾਦੁਰ, ਚ।
260 _aਅੰਮਿਤਸਰ, ਭਾਰਤ
_bਅੰਮਿਤਸਰ ਸਿੰਘ ਬ੍ਰਦਰਜ਼
_c2018
300 _a247ਪ੍ਰ0
365 _aINR
_b200
650 _aPunjabi Literature
942 _cTB
_hO153,1(S:5):g Q8
999 _c1229682
_d1229682